• 首页
  • 本馆介绍
  • 公告通知
  • 最新文献
  • 馆藏检索
  • 电子资源
  • 读者导购
  • 参考咨询
  • 我的图书馆
  • 登录
  • 详细信息显示
  • 放入我的书架
  • 预约/预借图书
  • 作者相关作品
  • 分类相关作品
  • 丛书相关作品
  • 出版社相关作品

书目信息

  • 表格格式
  • 工作单格式
  • 卡片格式
题名:
科技情报的机械化和自动化
    
 
作者: ;日本科学技术厅 编 ;高崇谦 , 赵仲儒 译
分册:  
出版信息: 北京   科学技术文献出版社  1986
页数: 252页
开本: 19cm
丛书名: 科技情报工作现状和展望丛书
单 册:
中图分类: G354.4
科图分类:
主题词: 科技情报d-情报检索-机械化 , 情报检索-科技情报d-机械化 , 机械化-科技情报d-情报检索 , 科技情报d-情报检索-自动化 , 情报检索-科技情报d-自动化 , 自动化-科技情报d-情报检索
电子资源:
ISBN:
000 01114nam2 2200349 45
001 0186019129
005 20060820153126.21
010    @dCNY1.75
091    @aCN@b17176.455
100    @a19900726d1986 emky0chiy0121 ea
101 1  @achi@cjpn
102    @aCN@b110000
105    @ay z 000yy
200 10 @a科技情报的机械化和自动化@Ake ji qing bao de ji xie hua he zi dong hua@f日本科学技术厅编@g高崇谦, 赵仲儒译
210    @a北京@c科学技术文献出版社@d1986
215    @a252页@d19cm
225 2  @a科技情报工作现状和展望丛书
410  0 @120010@a科技情报工作现状和展望丛书
606    @a科技情报d-情报检索-机械化
606    @a情报检索-科技情报d-机械化
606    @a机械化-科技情报d-情报检索
606    @a科技情报d-情报检索-自动化
606    @a情报检索-科技情报d-自动化
606    @a自动化-科技情报d-情报检索
610 0  @a文献@a检索
690    @aG354.4@v3
711 02 @a日本科学技术厅@Ari ben ke xue ji shu ting@4编
712 02 @a高崇谦@Agao chong qian@4译
712 02 @a赵仲儒@Azhao zhong ru@4译
801  2 @aCN@bNLC@c20060820
801  0 @aCN@bTSSF@c20060820
905    @a10447@dG354.4@e103
    
    科技情报的机械化和自动化/日本科学技术厅编/高崇谦, 赵仲儒译.-北京:科学技术文献出版社,1986
    252页;19cm.-(科技情报工作现状和展望丛书)
    
    
    ISBN :CNY1.75
    
●
相关链接 在E读中查询图书 在五车中查询图书 在当当中查询图书 在豆瓣中查询图书


正题名:科技情报的机械化和自动化     索取号:G354.4/103         预约/预借

序号 登录号 条形码 馆藏地/架位号 状态 备注
1 0448372   204483727   密集书库/ [索取号:G354.4/103] 在馆    
2 0470855   204708557   密集书库/ [索取号:G354.4/103] 在馆    
3 0471653   204716539   密集书库/ [索取号:G354.4/103] 在馆    
唐山师范学院图书馆 欢迎您!
大连网信软件有限公司© 版权所有